Score 0/20 Timer 02:00
2 Plays Today
Hint 4-Letter Word % Correct
To eject liquid from the mouth☼SPIT☼
96.4%
Warmest of the four elements☼FIRE☼
93.5%
First name of Jagger or FoleyMICK
92.4%
Golfer's warningFORE
91.3%
Last name of presidents George H. W. and George W.BUSH
90.1%
Mickey and MinnieMICE
89.7%
Tender; painfulSORE
88.9%
To arrange according to characteristicsSORT
87.1%
To go over 21 in blackjackBUST
85.3%
Fire residueSOOT
85.2%
Hint 4-Letter Word % Correct
Wet, swampy groundMIRE
84.4%
Need to; compelled to☼MUST☼
83.2%
To see; discoverSPOT
82.8%
The sound of an explosionBANG
80.1%
Strong-smelling secretion; used in perfumeryMUSK
78.7%
Tom Hardy's Batman villainBANE
78.6%
To crush or smashBASH
78.2%
Decaying vegetable matter; manureMUCK
77.7%
A foundation; groundworkBASE
75.3%
Citrus drink used by NASA☼TANG☼
74%

Today's Daily Dose

Remove Ads.
Support Sporcle.
Get the best of Sporcle when you Go Orange. This ad-free experience offers more features, more stats, and more fun while also helping to support Sporcle. Thank you for becoming a member.

You're not logged in!

Compare scores with friends on all Sporcle quizzes.
OR
Log In

Show Comments

Extras

Top Quizzes Today


Score Distribution

Your Account Isn't Verified!

In order to create a playlist on Sporcle, you need to verify the email address you used during registration. Go to your Sporcle Settings to finish the process.

Report this User

Report this user for behavior that violates our Community Guidelines.

Details: